| 000 | 00889nam a2200265 i 4500 | ||
|---|---|---|---|
| 003 | DO-SdBNP | ||
| 005 | 20240305125629.0 | ||
| 006 | a||||gr|||| 00| 0 | ||
| 007 | ta | ||
| 008 | 230427t2014 dr a|||gr|||| 000 ddspa d | ||
| 020 | _a9789584407269 | ||
| 040 |
_aDO-SdBNP _bspa _cBNPHU _erda |
||
| 082 | 4 |
_222 _bM491l |
|
| 100 | 1 |
_aMedina, Rafael Hilario, _d1959- _920618 |
|
| 245 | 1 | 4 |
_aLos días elefantes: _bel hombre de bolsillo. / _cRafael Hilario Medina; foto de portada, Manuel Cubilete; cuidado de edición, Erly Dávila |
| 264 | 3 | 2 |
_aSanto Domingo : _bDrakes, _c2014 |
| 300 |
_a50 páginas : _c20 cm. |
||
| 336 |
_2rdaconten _atexto _btxt |
||
| 337 |
_2rdamedia _asin medición _bn |
||
| 338 |
_2rdacarrier _avolumen _brda |
||
| 590 | _aInventariado 2023 / MF | ||
| 700 | 1 |
_aCubilete, Manuel, _efoto de portada _983305 |
|
| 700 | 1 |
_aDávila, Erly, _eedición _983306 |
|
| 942 |
_2ddc _cLBS1 |
||
| 999 |
_c53372 _d53372 |
||